书目信息

书名: 小镇医生的爱情 
作者: 萧飒
出版信息: 哈尔滨   北方文艺出版社  1987.5
开本页数: 19cm  315页
丛书名: 台湾文学丛书
单 册:
中图分类: I24
科图分类:
主题词: 小说--中国
电子资源:
ISBN: 7-5317-0014-X/I·15
000 00718nam 2200265 45
001 0196450558
005 20060303142909.32
010    @a7-5317-0014-X/I·15@dCNY1.85
100    @a19961004d1987 ekmy0chiy0120 ea
101 @achi@ceng
102    @aCN@b230000
105    @ay z 000ay
200 @a小镇医生的爱情@AXiao Zhen Yi Sheng De Ai Qing @f萧 飒著
210    @a哈尔滨@c北方文艺出版社@d1987.5
215    @a315页@d19cm
225 @a台湾文学丛书 @f(美)葛浩文主编
410  0 @12001 @a台湾文学丛书
540 @a医生 爱情
606 @a小说@x中国
690    @aI24@v3
701  0 @a萧飒@AXiao Sa @4著
801  0 @aCN@bSNU@c20060303
905    @a10447@dI24@e1499
906    @aI712.45/4407@b5
999    @aqgq
    
    小镇医生的爱情/萧 飒著.-哈尔滨:北方文艺出版社,1987.5
    315页;19cm.-(台湾文学丛书 /(美)葛浩文主编)
    
    
    ISBN 7-5317-0014-X/I·15:CNY1.85
    
相关链接 在五车中查询图书 在当当中查询图书 在豆瓣中查询图书


正题名:小镇医生的爱情     索取号:I24/1499         预约/预借

序号 登录号 条形码 馆藏地/架位号 状态 备注
1 73691   200736917   海科密-1楼/34架12列2层/ [索取号:I24/1499] 在馆    
2 73702   200737024   海科密-1楼/35架4列7层/ [索取号:I24/1499] 在馆